Sāhityika śodha ke siddhānta aura samasyāem̐. (Record no. 80490)

MARC details
000 -LEADER
fixed length control field 00629cam a22002291 4500
001 - CONTROL NUMBER
control field sa 68005037
003 - CONTROL NUMBER IDENTIFIER
control field DLC
005 - DATE AND TIME OF LATEST TRANSACTION
control field 20260227112505.0
008 - FIXED-LENGTH DATA ELEMENTS--GENERAL INFORMATION
fixed length control field 890913s1967 ii b 000 0 hino
010 ## - LIBRARY OF CONGRESS CONTROL NUMBER
LC control number sa 68005037
035 ## - SYSTEM CONTROL NUMBER
System control number (OCoLC)20336111
040 ## - CATALOGING SOURCE
Original cataloging agency DLC
Transcribing agency WaU
Modifying agency OCoLC
-- DLC
050 00 - LIBRARY OF CONGRESS CALL NUMBER
Classification number PN85
Item number .U6
100 1# - MAIN ENTRY--PERSONAL NAME
Personal name Upādhyāya, Devarāja,
Dates associated with a name 1908-
245 10 - TITLE STATEMENT
Title Sāhityika śodha ke siddhānta aura samasyāem̐.
260 ## - PUBLICATION, DISTRIBUTION, ETC.
Date of publication, distribution, etc. [1967]
300 ## - PHYSICAL DESCRIPTION
Extent 2, 2, 114 p.
Dimensions 23 cm.
500 ## - GENERAL NOTE
General note In Hindi.
504 ## - BIBLIOGRAPHY, ETC. NOTE
Bibliography, etc. note Bibliographical footnotes.
650 #0 - SUBJECT ADDED ENTRY--TOPICAL TERM
Topical term or geographic name entry element Literature
General subdivision Research.
700 1# - ADDED ENTRY--PERSONAL NAME
Personal name Śarmā, Rāmagopāla,
Dates associated with a name 1929-

No items available.

Powered by Koha